Дело по отношению директора Технологического института с представлением дела об убийстве дворовой девицы и обвинении в этом убий...

Доступно только в Электронных читальных залах Найти на картеНа карте
RUSMARC
00003811nmc2a22000003x 450
00168367ff4-3674-470f-ab49-37380a573c2a
00520200203192720.0
100##$a20180208l18651865k l0rusy0189 ca
1010#$arus
102##$aRU
2001#$aДело по отношению директора Технологического института с представлением дела об убийстве дворовой девицы и обвинении в этом убийстве рядового служительской команды института Марковского
$j19 мая - 13 сентября 1865 г.
251##$cДело
300##$aДело
801#0$aRU
$bРГИА
$c20180208
$gRCR
801#1$aRU
$bГлавНИВЦ
$c20180208
$2rusmarc
801#2$aRU
$bПБ им. Б.Н. Ельцина
$c20200203
$gRCR
$2rusmarc
850##$aРГИА
852##$aРГИА
$eФедеральное казенное учреждение "Российский государственный исторический архив" (РГИА)
$j36
937##$hРГИА
$d12226766
$aASBIBLIO_SCAN
462#0$100150f34fca-67e7-4716-8436-78199481152b
$12001
$aДела по Санкт-Петербургскому технологическому институту за 1863-1877 годы
$1251
$cОпись
$1852
$j158
461#0$1001a74412a3-3cc5-4d21-8f0a-dfe2fbd9e72d
$12001
$aДепартамент народного просвещения Министерства народного просвещения (1803-1917)
$1251
$cФонд
$1852
$j733
215##$a15 л.
$d36,5х26 см
371##$aДокумент не является опубликованным и широко распространяемым
105##$ay###
1222#$ad
035##$a68367ff4-3674-470f-ab49-37380a573c2a
856##$uhttp://readingroom.main.prlib.ru/item.aspx?id_node=n138208259&mode=full
Формат отображения